La abogacía y sus opciones profesionales.

Salvato in:
Dettagli Bibliografici
Autore principale: Pacheco Gómez, Máximo (autor)
Natura: Libro
Lingua:spagnolo
Pubblicazione: Santiago, Chile Jurídica de Chile 1997
Serie:Manuales Jurídicos. 108
Soggetti:
Tags: Aggiungi Tag
Nessun Tag, puoi essere il primo ad aggiungerne!!

MARC

LEADER 00000cam a2200000 a 4500
001 UCR3013
003 CL-VaPUC
005 20230111163356.0
008 980123e19970000CL |||||||||||||||||spa|d
999 |c 266129  |d 266127 
040 |c Pontificia Universidad Católica de Valparaíso 
082 0 4 |a 340.023 PAC 1997  |2 21 
100 |a Pacheco Gómez, Máximo  |e autor  |9 493315 
245 1 3 |a La abogacía y sus opciones profesionales. 
260 0 3 |a Santiago, Chile  |b Jurídica de Chile  |c 1997 
300 |a 262 páginas. 
490 0 |a Manuales Jurídicos.  |v 108 
583 |a last modification  |c 20121001 11:59:53  |k Rodrigo Vera 
650 0 |a Abogados  |9 256284 
650 7 |a PRACTICA Y PROCEDIMIENTO LEGAL  |2 CL-VaPUC  |9 380723 
942 |c BK  |2 ddc 
945 |d 19980123 00:00:00  |a jquezada 
952 |0 0  |1 0  |2 ddc  |4 0  |6 340_023000000000000_PAC_1997  |7 0  |8 A  |9 297486  |a BIBDER  |b BIBDER  |d 2019-11-20  |i 3385957  |o 340.023 PAC 1997  |p 3385957  |r 2023-01-25  |t 1  |w 2019-11-20  |y BK  |k DER 
952 |0 0  |1 0  |2 ddc  |4 0  |6 340_023000000000000_PAC_1997  |7 0  |8 A  |9 297488  |a BIBDER  |b BIBDER  |d 2019-11-20  |i 4857437  |o 340.023 PAC 1997  |p 4857437  |r 2019-11-20  |t 3  |w 2019-11-20  |y BK  |k DER